000 00562nam a2200169 i 4500
001 bg
100 1 _aCZUPIAŁ, Jerzy
245 0 _aPodstawy oceny efektywności przedsięwzięć badawczo-innowacyjnych /
_cJerzy Czupiał.
260 _aWrocław,
_c1982.
490 1 _aPrace Naukowe Instytutu Nauk Społecznych Politechniki Wrocławskiej ;
_v26
830 _aPrace Naukowe Instytutu Nauk Społecznych Politechniki Wrocławskiej ;
040 _cBPK
041 _apol
080 _a001.8+608:65.011
942 _cKS
008 s pl f |000 0 pol
999 _c20913
_d20913
856 _uhttp://koha.tu.koszalin.pl/cgi-bin/koha/opac-detail.pl?biblionumber=20913
_yKatalog online BPK